| 000 | 00658nam a2200193Ia 4500 | ||
|---|---|---|---|
| 003 | OSt | ||
| 005 | 20250224160037.0 | ||
| 008 | 210210b2016 xxu||||| |||| 00| 0 eng d | ||
| 040 | _cAL | ||
| 041 | _aKan | ||
| 082 | _aK894.9 AMBP | ||
| 100 |
_aAMBAMANIMURTI (N V) _dಅಂಬಾಮಣಿಮೂರ್ತಿ (ಎನ್ ವಿ) _9202338 |
||
| 245 |
_aPratiloma: vimarshatmaka lekhanagala sangraha _bಪ್ರತಿಲೋಮ :ವಿಮರ್ಶಾತ್ಮಕ ಲೇಖನಗಳ ಸಂಗ್ರಹ |
||
| 260 |
_aBengaluru _bPriyadarshini Prakashana. _c2016 |
||
| 300 | _axi,176 | ||
| 690 |
_aKannada Criticism _9202343 |
||
| 906 | _a072220 | ||
| 942 |
_2ddc _cBK |
||
| 999 |
_c122161 _d122161 |
||